000 00253cam a2200109ua 4500
082 _a821
_bMIL/PO
100 _aMilton, John.
_91846
245 _aPoetical Works /
260 _aLondon :
_bOxford University Press ,
_c1963.
300 _a628 ; .
942 _cBK
999 _c494
_d494